000 00502nam a2200193Ia 4500
001 2409
008 140314s9999 xx 000 0 und d
020 _a0004703723
040 _cPK-LaUMT
082 _aR 330.3
_bPAS-C
100 _aBryan, Lowes, Jt. Auth.
245 _aCollins dictionary of economics
_cBryan, Lowes, Jt. Auth.<>Pass, Christopher
250 _a2nd
260 _aGreat Britain,UK:
_bHarper,
_c1993
300 _a569 p.
546 _aEN
700 _aPass, Christopher
942 _cBK
999 _c2719
_d2719